The Master Bullder (Record no. 3534)

MARC details
000 -LEADER
fixed length control field 00439nam a22001457a 4500
008 - FIXED-LENGTH DATA ELEMENTS--GENERAL INFORMATION
fixed length control field 250519b |||||||| |||| 00| 0 eng d
020 ## - INTERNATIONAL STANDARD BOOK NUMBER
ISBN 9781399809931
100 ## - MAIN ENTRY--AUTHOR
Author Arias Alfonso Martinez
245 ## - TITLE STATEMENT
Title The Master Bullder
Remainder of title How the new science of the cell is rewriting the story of life
260 ## - PUBLICATION, DISTRIBUTION, ETC. (IMPRINT)
Place of publication London
Name of publisher Basic Books
Date of publication 2023
300 ## - COLLATION
Pagination 341p.
Other physical details illustration
650 ## - TRACINGS
Main Subject Cells
Subdivision (1st) Life (Biology)
942 ## - ADDED ENTRY ELEMENTS (KOHA)
Item type Books
050 ## - LIBRARY OF CONGRESS CALL NUMBER
Classification number QH581.2
Item number .M37
Holdings
Source of classification or shelving scheme Not for loan Permanent location Current location Date acquired Accession No. Full call number Barcode. Koha item type
Library of Congress Classification   Samuel Ogbemudia Main Library, University of Abuja Samuel Ogbemudia Main Library, University of Abuja 05/19/2025 2024/63629 QH581.2.M37 2025-2008 Books